000 00675nam a22001577a 4500
003 OSt
005 20161021134352.0
008 161021b xxu||||| |||| 00| 0 eng d
040 _cRUA
082 _aAGR HOE 2015 B475 Or.1
100 _910811
_aHOEUY TOENG; ហឿយ ទឹង
245 _aComparison of celery cabbage varieties ( Brassica chinensis L) at kbal koh vegetable research station; ការប្រៀបធៀបពូជដំណាំស្ពៃចង្កឹះនៅស្ថានីយ៍ពិសោធន៍ពូជបន្លៃក្បាលកោះ
260 _aPhnom Penh
_bRUA
_c2015
300 _axi; 45p;
_bill;
_c29cm;
942 _2ddc
_cAGR
999 _c10404
_d10404